000 00722cab a22002055a 4500
001 L145488
008 081015e20081010xxko f 000 0 eng d
035 _a(Sirsi) u145488
041 0 _aeng
100 1 _aStothart, Chloe
245 0 0 _aEverything in this picture is green
260 _c2008
490 0 _aBuilding
_v273 (8550) 10 October 2008, 90-91 (2)
520 _aExamines how to create attractive and sustainable interiors. Presents several examples, materials and techniques used to achieve this goal.
590 _aKA
651 4 _aUnited Kingdom
_y
690 _aBUILT ENVIRONMENT-SUSTAINABLE CONSTRUCTION
690 _aENVIRONMENTAL AND LAND CONSULTANCY-ENERGY-ENERGY USE-ENERGY EFFICIENCY
942 _n0
999 _c80832
_d80832